Les Hauts-de-Seine en images - Statistiques

Statistiques générales
  • Ce quiz a été pris 101 fois
  • Le résultat moyen est 9 sur 18
Statistiques - réponses
Par images Hint Réponse % Correct
Quartier La Défense
99%
Figure politique Nicolas Sarkozy
93%
Entreprise Total
90%
Film Neuilly sa mère !
84%
Média TF1
84%
Université Université Paris-Nanterre
80%
Politicien Patrick Balkany
63%
Ville Boulogne-Billancourt
58%
Festival Rock-en-Seine
51%
Mémorial Mont Valérien
45%
Ile Ile de la Jatte
27%
Pont Pont ferroviaire d'Asnières
23%
Château Château de Malmaison
21%
Haras Haras de Jardy
19%
Figure religieuse Sainte Geneviève
14%
Chœur de garçons Petits chanteurs de Sainte-Croix de Neuilly
9%
Promenade Coulée verte du sud parisien
7%
Axe routier Axe historique de Paris
1%
Aucun quiz correspondant
Distribution des résultats
% des personnes avec chaque résultat
Percentile par nombre de réponses
Votre historique - résultats
Vous n’avez pas pris ce quiz